书目信息 |
| 题名: |
全球电视剧产业发展报告(2016)
|
|
| 作者: | 张海涛 , 胡占凡 主编 | |
| 分册: | ||
| 出版信息: | 北京 中国广播影视出版社 2016 |
|
| 页数: | 25,518页 | |
| 开本: | 26cm | |
| 丛书名: | ||
| 单 册: | ||
| 中图分类: | J991 , J9 | |
| 科图分类: | ||
| 主题词: | 电视剧创作--产业发展--研究报告--世界--2016 , 电影 , 电视--艺术 | |
| 电子资源: | ||
| ISBN: | 978-7-5043-7751-7 | |
| 000 | 01176nam0 2200313 450 | |
| 001 | 2357804580 | |
| 005 | 20231214160415.82 | |
| 010 | @a978-7-5043-7751-7@d99.00CNY | |
| 090 | @aJ991@bzht | |
| 096 | @aJ991@bzht | |
| 100 | @a20161019d2016 em y0chiy0120 ea | |
| 101 | 0 | @achi |
| 102 | @aCN@b110000 | |
| 105 | @aa z 000yy | |
| 200 | 1 | @a全球电视剧产业发展报告(2016)@Aquan qiu dian shi ju chan ye fa zhan bao gao (2016)@dYearbook of the world TV-drama industry (2016)@f张海涛,胡占凡主编@zeng |
| 210 | @a北京@c中国广播影视出版社@d2016 | |
| 215 | @a25,518页@c照片@d26cm | |
| 300 | @a剧领天下之三 | |
| 330 | @a本书分国内篇和海外篇,每篇分三章,对中外电视剧的生产、创作、编排、播出进行理论思考和实践总结;用案例对国内外各种类型电视剧进行介绍和梳理,对电视剧行业最新发展趋势进行概括和预判。 | |
| 510 | 1 | @aYearbook of the world TV-drama industry (2016)@zeng |
| 606 | 0 | @a电视剧创作@x产业发展@x研究报告@y世界@z2016 |
| 606 | 0 | @a电影 |
| 606 | 0 | @a电视@x艺术 |
| 690 | @aJ991@v5 | |
| 690 | @aJ9@v4 | |
| 701 | 0 | @a张海涛@Azhang hai tao@f(1951~)@4主编 |
| 701 | 0 | @a胡占凡@Ahu zhan fan@f(1953~)@4主编 |
| 801 | 2 | @aCN@b辽宁北配@c20231205 |
| 905 | @aBZT@dJ9@e14 | |
| 全球电视剧产业发展报告(2016)=Yearbook of the world TV-drama industry (2016)/张海涛,胡占凡主编.-北京:中国广播影视出版社,2016 |
| 25,518页:照片;26cm |
| 剧领天下之三 |
| ISBN 978-7-5043-7751-7:99.00CNY |
| 本书分国内篇和海外篇,每篇分三章,对中外电视剧的生产、创作、编排、播出进行理论思考和实践总结;用案例对国内外各种类型电视剧进行介绍和梳理,对电视剧行业最新发展趋势进行概括和预判。 |
| ● |
| 相关链接 |
|
|
|
正题名:全球电视剧产业发展报告(2016)
索取号:J9/14
 
预约/预借
| 序号 | 登录号 | 条形码 | 馆藏地/架位号 | 状态 | 备注 |
| 1 | 2001647209 | 2001647209 | 辽三/辽宁北配(第三批)/3075/ [索取号:J9/14] | 在馆 | |
| 2 | 2001647210 | 2001647210 | 辽三/辽宁北配(第三批)/3075/ [索取号:J9/14] | 在馆 | |
| 3 | 2001647211 | 2001647211 | 辽三/辽宁北配(第三批)/3075/ [索取号:J9/14] | 在馆 | |
| 4 | 2001647212 | 2001647212 | 辽三/辽宁北配(第三批)/3076/ [索取号:J9/14] | 在馆 | |
| 5 | 2001647213 | 2001647213 | 辽三/辽宁北配(第三批)/3076/ [索取号:J9/14] | 在馆 | |
| 6 | 2001647214 | 2001647214 | 辽三/辽宁北配(第三批)/3076/ [索取号:J9/14] | 在馆 | |
| 7 | 2001647215 | 2001647215 | 辽三/辽宁北配(第三批)/3076/ [索取号:J9/14] | 在馆 | |
| 8 | 2001647216 | 2001647216 | 辽三/辽宁北配(第三批)/3076/ [索取号:J9/14] | 在馆 | |
| 9 | 2001647217 | 2001647217 | 辽三/辽宁北配(第三批)/3076/ [索取号:J9/14] | 在馆 | |
| 10 | 2001647218 | 2001647218 | 辽三/辽宁北配(第三批)/3076/ [索取号:J9/14] | 在馆 | |
| 11 | 2001647219 | 2001647219 | 辽三/辽宁北配(第三批)/3076/ [索取号:J9/14] | 在馆 | |
| 12 | 2001647220 | 2001647220 | 辽三/辽宁北配(第三批)/3076/ [索取号:J9/14] | 在馆 | |
| 13 | 2001647221 | 2001647221 | 辽三/辽宁北配(第三批)/3076/ [索取号:J9/14] | 在馆 | |
| 14 | 2001647222 | 2001647222 | 辽三/辽宁北配(第三批)/3076/ [索取号:J9/14] | 在馆 | |
| 15 | 2001647223 | 2001647223 | 辽三/辽宁北配(第三批)/3076/ [索取号:J9/14] | 在馆 | |
| 16 | 2001647224 | 2001647224 | 辽三/辽宁北配(第三批)/3076/ [索取号:J9/14] | 在馆 | |
| 17 | 2001647225 | 2001647225 | 辽三/辽宁北配(第三批)/3076/ [索取号:J9/14] | 在馆 | |
| 18 | 2001647226 | 2001647226 | 辽三/辽宁北配(第三批)/3076/ [索取号:J9/14] | 在馆 | |
| 19 | 2001647227 | 2001647227 | 辽三/辽宁北配(第三批)/3076/ [索取号:J9/14] | 在馆 | |
| 20 | 2001647228 | 2001647228 | 辽三/辽宁北配(第三批)/3076/ [索取号:J9/14] | 在馆 | |
| 21 | 2001647229 | 2001647229 | 辽三/辽宁北配(第三批)/3076/ [索取号:J9/14] | 在馆 | |
| 22 | 2001647230 | 2001647230 | 辽三/辽宁北配(第三批)/3076/ [索取号:J9/14] | 在馆 |